| 000 | 00450cam a2200181ua 4500 | ||
|---|---|---|---|
| 001 | 9850 | ||
| 008 | 160910n ii |||gr||||Z||||||asm | ||
| 040 | _cMAIN | ||
| 041 | _aasm | ||
| 082 | _a414.8 | ||
| 100 |
_aGoswami, Golok Chandra, _eAuthor. |
||
| 245 |
_aDhwani bigyanar bhumika _cBy Golok Chandra Goswami |
||
| 250 | _a4th ed. | ||
| 260 |
_aGuwahati: _bBina library, _c2014. |
||
| 300 | _a152p. | ||
| 653 | _aPhonology & phonetics | ||
| 942 | _cBK | ||
| 999 |
_c8860 _d8860 |
||